000 00305nam a22001457a 4500
020 _a978-81-264-7449-3
082 _a894.812.3
_bRAM/S
100 _aRAMAKRISHNAN, T.D
245 _aSIRAJUNEESA
260 _aTHRISSUR
_bDC BOOKS
_c2018
300 _a88
520 _aNOVEL
650 _aNOVEL
942 _cBK
999 _c5053
_d5053